000 00252nam a2200097Ia 4500
001 969377
005 20250826220401.0
008 250824s9999 xx 000 0 und d
245 0 _aCEMİL MERİÇİN DÜMYASI
_cMUSTAFA ARMAĞAN
260 _bKETEBE YAYINLARI
999 _c969377
_d969377